00535nam a22001697a 450000500170000000800410001702000150005808200200007310000220009324500700011526000460018530000120023165000110024394200060025495200920026099900130035220240226050352.0240226b |||||||| |||| 00| 0 eng d a9558093009 222a322.4bROH. aGunaratna, Rohan. aSri Lanka's Ethnic crisis & National Security :cRohan Gunaratna. aColombo :bVijitha Yapa Bookshop /c1998. a416 p., aPeace. cL 001040708LaWERCLbWERCLd2024-02-26l0o322.4 ROH.p2679r2024-02-26w2024-02-26yL c487d487